| 000 | 00875nam a22002297a 4500 | ||
|---|---|---|---|
| 999 |
_c17181 _d17181 |
||
| 003 | AR-CdUCM | ||
| 008 | 190507b ||||| |||| 00| 0 spa d | ||
| 040 |
_aMUNICIPALIDAD PROVINCIAL DEL CUSCO _cBIBLIOTECA MUNICIPAL DEL CUSCO |
||
| 082 |
_a869.508 / _bV19 |
||
| 100 |
_aValdelomar, Abraham _9928 |
||
| 245 | _aLa ciudad de los tísicos; El caballero Carmelo y otros cuentos / | ||
| 260 |
_aLima : _bPeisa, _c1973. |
||
| 300 |
_a153 páginas ; _c18 cm. |
||
| 440 |
_aBiblioteca peruana ; _911247 |
||
| 505 | _aContenido: La ciudad de los tísicos -- El caballero Carmelo -- Los ojos de Judas -- El vuelo de los cóndores -- Yerba santa -- Hebaristo el sauce que murió de amor. | ||
| 650 |
_aNovelas peruanas _9545 |
||
| 650 |
_aCuentos peruanos _97 |
||
| 650 |
_aSiglo XX. _98 |
||
| 710 |
_aBiblioteca peruana _95588 |
||
| 942 |
_2ddc _cLIBROS |
||
| 945 |
_aacv _d2019-05-07 |
||